[Event "AUTO-OPEN-2102"]
[Site "http://www.queenalice.com/game.php?id=899019"]
[Date "2011.2.11"]
[Round "2"]
[White "Gil"]
[Black "kozak"]
[Result "0-1"]
[WhiteElo "2325"]
[BlackElo "2290"]

1. d4 Nf6 2. Nf3 d5 3. e3 Bf5 4. Be2 e6 5. O-O Bd6 6. Nh4 Be4 7. f3 Bg6 8. Nc3
Ng4 9. fxg4 Qxh4 10. g3 Bxg3 11. hxg3 Qxg3+ 12. Kh1 h5 13. g5 Qh4+ 14. Kg2 Qxg5+
15. Kf2 h4 16. Rg1 Qf6+ 17. Ke1 h3 0-1

[Event "AUTO-MASTER-1255"]
[Site "http://www.queenalice.com/game.php?id=900635"]
[Date "2011.2.14"]
[Round "2"]
[White "lelinho"]
[Black "kozak"]
[Result "0-1"]
[WhiteElo "2211"]
[BlackElo "2319"]

1. d4 Nf6 2. c4 e6 3. Nc3 Bb4 4. Bg5 h6 5. Bh4 c5 6. Nf3 g5 7. Bg3 g4 8. Ne5 Ne4
9. Qc2 Qa5 10. Qxe4 Bxc3+ 11. Kd1 Bxd4 12. Qf4 f5 13. Nd3 Qa4+ 14. b3 Qa5 15.
Qc1 Nc6 16. e3 Bf6 17. Rb1 Qxa2 18. Nxc5 h5 19. Bd3 h4 20. Bd6 b6 21. Na4 Qxf2
22. Qd2 Qxd2+ 23. Kxd2 Be5 24. Ba3 Bb7 25. Nc3 a5 26. Nb5 Nb4 27. Bb2 Bxb2 28.
Nc7+ Ke7 29. Nxa8 Be5 30. Nxb6 Bxg2 31. Rhg1 h3 0-1

[Event "AUTO-MASTER-1255"]
[Site "http://www.queenalice.com/game.php?id=900636"]
[Date "2011.2.14"]
[Round "2"]
[White "kozak"]
[Black "lelinho"]
[Result "1-0"]
[WhiteElo "2310"]
[BlackElo "2220"]

1. d4 Nf6 2. c4 g6 3. Nc3 Bg7 4. e4 d6 5. Be3 Ng4 6. Bg5 Nc6 7. h3 h6 8. Bd2 Nf6
9. Be3 e5 10. d5 Nd4 11. Nge2 c5 12. dxc6 bxc6 13. Nxd4 exd4 14. Bxd4 O-O 15.
Bd3 d5 16. O-O dxe4 17. Bxe4 Nxe4 18. Bxg7 Nxc3 19. Bxc3 Be6 20. b3 Qg5 21. Qd4
f6 22. f4 Qh4 23. Qe4 Bf5 24. Qxc6 Rac8 25. Qd5+ Kg7 26. Rae1 Rce8 27. Qf3 Rxe1
28. Bxe1 Qh5 29. g4 1-0

[Event "AUTO-MASTER-1255"]
[Site "http://www.queenalice.com/game.php?id=900639"]
[Date "2011.2.14"]
[Round "2"]
[White "kozak"]
[Black "deltaboy"]
[Result "0-1"]
[WhiteElo "2328"]
[BlackElo "2306"]

1. d4 Nf6 2. c4 e6 3. Nf3 b6 4. g3 Bb7 5. Bg2 Bb4+ 6. Bd2 Bxd2+ 7. Qxd2 O-O 8.
Nc3 d6 9. O-O Nbd7 10. Qc2 c5 11. Rfd1 Qe7 12. dxc5 Rfd8 13. cxd6 Qf8 14. Nb5
Be4 15. Qc3 Ne8 16. Qe3 Ndf6 17. d7 Bc6 18. dxe8=R Nxe8 19. Rxd8 Rxd8 20. Nxa7
Ba8 21. Qxb6 Nf6 22. a3 Rb8 23. Qd4 Rd8 24. Qe3 h6 25. Nb5 Qe7 26. b4 Ng4 27.
Qf4 f5 28. c5 Qf6 29. Qc1 h5 0-1

[Event "AUTO-MASTER-1255"]
[Site "http://www.queenalice.com/game.php?id=900640"]
[Date "2011.2.14"]
[Round "2"]
[White "deltaboy"]
[Black "kozak"]
[Result "1-0"]
[WhiteElo "2328"]
[BlackElo "2275"]

1. Nf3 d5 2. g3 c5 3. Bg2 Nf6 4. O-O Nc6 5. b3 e5 6. d3 Be7 7. Bb2 d4 8. Nbd2
O-O 9. a4 Re8 10. c3 Bf5 11. cxd4 exd4 12. Nc4 Rb8 13. Qd2 Nb4 14. a5 Nfd5 15.
Rfc1 b5 16. Na3 a6 17. Nc2 Nxc2 18. Qxc2 Rc8 19. Nd2 Nb4 20. Qd1 Bg5 21. Bb7 Bg4
22. f3 Be3+ 23. Kh1 Rc7 24. fxg4 Nd5 25. Bxd5 Qxd5+ 26. Nf3 Bxc1 27. Rxc1 Rce7
28. e4 dxe3 29. Qe2 f5 30. gxf5 Qxf5 31. d4 Rf8 32. Kg2 Qe4 33. dxc5 Rd7 34. Bc3
g5 35. h3 h5 36. c6 1-0

[Event "AUTO-ELITE-726"]
[Site "http://www.queenalice.com/game.php?id=907760"]
[Date "2011.3.3"]
[Round "1"]
[White "WakanTanka"]
[Black "kozak"]
[Result "1-0"]
[WhiteElo "2448"]
[BlackElo "2320"]

1. c4 e5 2. Nc3 Nf6 3. Nf3 Nc6 4. d4 exd4 5. Nxd4 Bb4 6. Bg5 h6 7. Bh4 Bxc3+ 8.
bxc3 Ne5 9. f4 Ng6 10. Bxf6 Qxf6 11. g3 O-O 12. Qd2 d6 13. Bg2 Rb8 14. O-O a6
15. Rfb1 Ne7 16. a4 h5 17. Qd3 h4 18. Rb2 hxg3 19. hxg3 Re8 20. Rab1 Nf5 21. e4
Ne7 22. Qd2 Qg6 23. Kf2 Qf6 24. Nc2 Nc6 25. Ne3 b6 26. Nd5 Qd8 27. Rh1 Na5 28.
Qd1 1-0

[Event "AUTO-ELITE-726"]
[Site "http://www.queenalice.com/game.php?id=907761"]
[Date "2011.3.3"]
[Round "1"]
[White "kozak"]
[Black "WakanTanka"]
[Result "1/2-1/2"]
[WhiteElo "2314"]
[BlackElo "2453"]

1. d4 Nf6 2. c4 g6 3. Nc3 d5 4. cxd5 Nxd5 5. e4 Nxc3 6. bxc3 Bg7 7. Bc4 c5 8.
Ne2 Nc6 9. Be3 O-O 10. O-O Bg4 11. f3 Na5 12. Bd3 cxd4 13. cxd4 Be6 14. Rc1 Bxa2
15. Qa4 Bb3 16. Qb4 b6 17. Bg5 f6 18. Bh4 Qd6 19. Qxd6 exd6 20. d5 Rf7 21. Bg3
Bh6 22. Ra1 Bc4 23. Rfd1 Rd8 24. Bf4 Bxf4 25. Nxf4 Bxd3 26. Rxd3 Rc8 27. Ne6 h5
28. h4 Re7 29. Kf2 Rf7 30. Ra2 Rb7 31. Rda3 Rf7 32. Rd3 1/2-1/2

[Event "AUTO-ELITE-726"]
[Site "http://www.queenalice.com/game.php?id=907766"]
[Date "2011.3.3"]
[Round "1"]
[White "kozak"]
[Black "Puffer"]
[Result "1-0"]
[WhiteElo "2328"]
[BlackElo "2184"]

1. d4 Nf6 2. c4 g6 3. Nc3 Bg7 4. e4 d6 5. Be3 Ng4 6. Bg5 O-O 7. h3 Nf6 8. Qd2 e5
9. d5 Nbd7 10. h4 Qe7 11. h5 Re8 12. f3 Qf8 13. hxg6 fxg6 14. Nb5 Re7 15. Nxc7
Rb8 16. Ne6 Qe8 17. Qb4 Nc5 18. Nxc5 dxc5 19. Qxc5 b6 20. Qd6 1-0

[Event "AUTO-ELITE-726"]
[Site "http://www.queenalice.com/game.php?id=907767"]
[Date "2011.3.3"]
[Round "1"]
[White "Puffer"]
[Black "kozak"]
[Result "0-1"]
[WhiteElo "2145"]
[BlackElo "2311"]

1. e4 e6 2. d4 d5 3. Nd2 dxe4 4. Nxe4 Qd5 5. Bd3 Nf6 6. Nxf6+ gxf6 7. Nf3 Rg8 8.
Rg1 Bd7 9. Qe2 Bc6 10. Bd2 Qxf3 0-1

[Event "AUTO-OPEN-2102"]
[Site "http://www.queenalice.com/game.php?id=912494"]
[Date "2011.3.14"]
[Round "3"]
[White "kozak"]
[Black "danbotoy"]
[Result "0-1"]
[WhiteElo "2318"]
[BlackElo "2438"]

1. d4 Nf6 2. c4 e6 3. Nf3 Nc6 4. a3 d5 5. Nc3 Be7 6. cxd5 exd5 7. Bf4 O-O 8. e3
Nh5 9. Bg3 Be6 10. Ng5 Bxg5 11. Qxh5 h6 12. Bd3 Qd7 13. h4 Bg4 14. hxg5 Bxh5 15.
Rxh5 g6 16. Rxh6 Kg7 17. b4 a6 18. Rc1 Rae8 19. Kd2 Rh8 20. Na4 Qg4 21. Rxh8
Rxh8 22. Bxa6 Qxg5 23. Bxb7 Nxd4 24. Nc5 Re8 25. Rc3 Nf5 0-1

[Event "AUTO-OPEN-2102"]
[Site "http://www.queenalice.com/game.php?id=912495"]
[Date "2011.3.14"]
[Round "3"]
[White "danbotoy"]
[Black "kozak"]
[Result "1-0"]
[WhiteElo "2478"]
[BlackElo "2336"]

1. e4 c5 2. Nf3 d6 3. Nc3 Nf6 4. Bc4 Nc6 5. d4 cxd4 6. Nxd4 e6 7. Be3 Be7 8. O-O
O-O 9. a3 a6 10. Qe2 Qc7 11. f4 Rb8 12. f5 d5 13. exd5 Ne5 14. Bb3 Neg4 15. Bf4
Bd6 16. Bxd6 Qxd6 17. g3 Qb6 18. fxe6 Qxd4+ 19. Kh1 fxe6 20. dxe6 Kh8 21. Rf4
Qc5 22. h3 Nh6 23. Qf2 Qc6+ 24. Qg2 Qc7 25. Re1 Re8 26. Nd5 Nxd5 27. Qxd5 b5 28.
Kh2 Bb7 29. Qe5 Qc6 30. Qe2 Ng8 31. Rf7 Re7 32. Qf2 Rxf7 33. exf7 Nf6 34. Qe2
Rf8 35. c3 Ne4 36. h4 Qg6 37. Qg2 Nc5 38. Bd5 Bc8 39. Qf3 Nd7 40. h5 1-0

[Event "AUTO-MASTER-1248"]
[Site "http://www.queenalice.com/game.php?id=912715"]
[Date "2011.3.14"]
[Round "3"]
[White "Constante"]
[Black "kozak"]
[Result "1-0"]
[WhiteElo "2048"]
[BlackElo "2294"]

1. e4 e6 2. d4 d5 3. Nd2 dxe4 4. Nxe4 Qd5 5. Bd3 Nf6 6. Nxf6+ gxf6 7. Nf3 Bd6 8.
c4 Qh5 9. c5 Be7 10. Be2 Qd5 11. b3 Nc6 12. Be3 Bd7 13. Bc4 Qe4 14. Bd3 Qg4 15.
Bf1 1-0

[Event "AUTO-MASTER-1248"]
[Site "http://www.queenalice.com/game.php?id=912716"]
[Date "2011.3.14"]
[Round "3"]
[White "kozak"]
[Black "Constante"]
[Result "0-1"]
[WhiteElo "2315"]
[BlackElo "2020"]

1. d4 Nf6 2. c4 e6 3. Nf3 b6 4. g3 Bb7 5. Bg2 Be7 6. O-O O-O 7. Nc3 Bb4 8. Qb3
Bxc3 9. Qxc3 d6 10. b3 Nbd7 11. Bb2 Qe7 12. Qe3 Rae8 13. h3 h6 14. Rac1 c5 15.
dxc5 dxc5 16. Rfd1 Be4 0-1

[Event "AUTO-MASTER-1248"]
[Site "http://www.queenalice.com/game.php?id=912717"]
[Date "2011.3.14"]
[Round "3"]
[White "DenisDiaz"]
[Black "kozak"]
[Result "0-1"]
[WhiteElo "1990"]
[BlackElo "2318"]

1. e4 e6 2. Nf3 d5 3. exd5 exd5 4. d4 Nf6 5. Be2 Bd6 6. O-O O-O 7. Re1 Re8 8.
Bf1 Rxe1 9. Qxe1 Bf5 10. Qe2 c6 11. Ne5 Nbd7 12. f4 Qb6 13. c3 Re8 14. Qf2 Ne4
15. Qe3 Nxe5 16. fxe5 Rxe5 17. Kh1 Re6 18. Qf3 Bg4 19. Qe3 Ng3+ 0-1

[Event "AUTO-MASTER-1248"]
[Site "http://www.queenalice.com/game.php?id=912718"]
[Date "2011.3.14"]
[Round "3"]
[White "kozak"]
[Black "DenisDiaz"]
[Result "1-0"]
[WhiteElo "2312"]
[BlackElo "1976"]

1. d4 Nf6 2. c4 d5 3. cxd5 Nxd5 4. e4 Nb6 5. Nc3 g6 6. h3 Bg7 7. Nf3 O-O 8. Be2
Nc6 9. Be3 a6 10. O-O Nd7 11. d5 Nce5 12. Nxe5 Nxe5 13. f4 Nd7 14. Qb3 b6 15. e5
Bb7 16. Bf3 Rb8 17. Rae1 Kh8 18. Qc2 f6 19. e6 Nc5 20. b4 1-0